Medical statistics from A to Z : (Record no. 814)

MARC details
000 -LEADER
fixed length control field 01223cam a22003254a 4500
001 - CONTROL NUMBER
control field 14903234
003 - CONTROL NUMBER IDENTIFIER
control field OSt
005 - DATE AND TIME OF LATEST TRANSACTION
control field 20250917110736.0
008 - FIXED-LENGTH DATA ELEMENTS--GENERAL INFORMATION
fixed length control field 070626s2006 enka d 001 0 eng
010 ## - LIBRARY OF CONGRESS CONTROL NUMBER
LC control number 2007276315
020 ## - INTERNATIONAL STANDARD BOOK NUMBER
International Standard Book Number 9780521687188
020 ## - INTERNATIONAL STANDARD BOOK NUMBER
International Standard Book Number 0521687187
040 ## - CATALOGING SOURCE
Original cataloging agency DLC
Transcribing agency DLC
Modifying agency DLC
042 ## - AUTHENTICATION CODE
Authentication code pcc
050 00 - LIBRARY OF CONGRESS CALL NUMBER
Classification number RA407
Item number .E943 2006
082 00 - DEWEY DECIMAL CLASSIFICATION NUMBER
Classification number WX 173 E21m 2006
Edition number 22
100 1# - MAIN ENTRY--PERSONAL NAME
Personal name Everitt, Brian.
9 (RLIN) 2203
245 10 - TITLE STATEMENT
Title Medical statistics from A to Z :
Remainder of title a guide for clinicians and medical students
250 ## - EDITION STATEMENT
Edition statement 2nd ed.
260 ## - PUBLICATION, DISTRIBUTION, ETC. (IMPRINT)
Name of publisher, distributor, etc. Cambridge University Press,
Date of publication, distribution, etc. 2006.
300 ## - PHYSICAL DESCRIPTION
Extent vi, 249 p. :
Other physical details ill. ;
Dimensions 26 cm.
650 #0 - SUBJECT ADDED ENTRY--TOPICAL TERM
Topical term or geographic name as entry element Medical statistics
Form subdivision Dictionaries.
9 (RLIN) 2204
650 #0 - SUBJECT ADDED ENTRY--TOPICAL TERM
Topical term or geographic name as entry element Biomedical
9 (RLIN) 12800
856 42 - ELECTRONIC LOCATION AND ACCESS
Materials specified Publisher description
Uniform Resource Identifier http://www.loc.gov/catdir/enhancements/fy0729/2007276315-d.html
856 42 - ELECTRONIC LOCATION AND ACCESS
Materials specified Contributor biographical information
Uniform Resource Identifier http://www.loc.gov/catdir/enhancements/fy0732/2007276315-b.html
856 41 - ELECTRONIC LOCATION AND ACCESS
Materials specified Table of contents only
Uniform Resource Identifier http://www.loc.gov/catdir/enhancements/fy1112/2007276315-t.html
906 ## - LOCAL DATA ELEMENT F, LDF (RLIN)
a 7
b cbc
c origcop
d 2
e ncip
f 20
g y-gencatlg
942 ## - ADDED ENTRY ELEMENTS (KOHA)
Source of classification or shelving scheme Other/Generic Classification Scheme
Koha item type Short Loan
Holdings
Withdrawn status Lost status Source of classification or shelving scheme Damaged status Not for loan Home library Current library Date acquired Source of acquisition Inventory number Total Checkouts Full call number Barcode Date last seen Price effective from Koha item type
    Other/Generic Classification Scheme     MUST Main Library MUST Main Library 11/12/2014 Purchase 09/31781   WX 173 E21m 2006 2014-3443 11/12/2014 11/12/2014 Short Loan